000 00535nam a22001577a 4500
008 211027b ||||| |||| 00| 0 eng d
020 _a1555875963
050 _aD860.B89 1998
100 _aBuzan, Barry and Herring, Eric
_950742
245 _aThe arms dynamic in the world politics
_c/by Barry Buzan and Eric Herring
260 _aBoulder:
_bLynne Rienner Publishers,
_c1998.
300 _axiii, 325p.;
_c23cm.
650 _aWorld politics
_950743
_y1989-
650 _aArmaments
_xPolitical aspects
_950744
942 _2lcc
_cMONOGRAPH
999 _c131006
_d131006